| 000 | 01232nam a22004330a 4500 | ||
|---|---|---|---|
| 001 | PT41893 | ||
| 003 | AR-LpoUNG | ||
| 005 | 20260115160857.0 | ||
| 008 | 201001s2012||||ag |||||||||||||||||spa d | ||
| 020 |
_a9789875745445 _c$10 |
||
| 040 |
_aAR-LpoUNG _bspa _eaacr |
||
| 041 | _aspa | ||
| 044 | _aag | ||
| 082 | 0 | _a982.03 434bue | |
| 100 | 1 |
_aPérez, Mariana Alicia _ecomp. |
|
| 245 | 1 | 0 |
_aBuenos Aires, una sociedad que se transforma : _bentre la colonia y la Revolución de Mayo |
| 250 | _a1ra. ed. | ||
| 260 |
_aBuenos Aires : _bUniversidad Nacional de General Sarmiento - Prometeo, _c2012. |
||
| 300 |
_a364 p. : _bgráfs. |
||
| 490 | 0 | _aHumanidades - Bicentenarios | |
| 650 | 4 | _aANALISIS HISTORICO | |
| 650 | 4 | _aANALISIS SOCIOLOGICO | |
| 650 | 4 | _aCLASES SOCIALES | |
| 650 | 4 | _aCOLONIALISMO | |
| 650 | 4 | _aESPAÑA | |
| 650 | 4 | _aESTUDIOS DE CASOS | |
| 650 | 4 | _aHISTORIA | |
| 650 | 4 | _aHISTORIA SOCIAL | |
| 650 | 4 | _aINTEGRACION SOCIAL | |
| 650 | 4 | _aPOBLACION | |
| 650 | 4 | _aREVOLUCION | |
| 650 | 4 | _aSOBERANIA NACIONAL | |
| 650 | 4 | _aSOCIEDAD | |
| 651 | 4 | _aArgentina | |
| 700 | 1 |
_aAlabart, Mónica _ecomp. |
|
| 700 | 1 |
_aFérnandez, María Alejandra _ecomp. |
|
| 905 | _a41893 | ||
| 942 |
_cLIB _2ddc |
||
| 999 |
_c50886 _d50886 |
||